|
|
|
|
| LEADER |
00000nam a2200000 a 4500 |
| 001 |
vtls009587853 |
| 003 |
SK-MaSNL |
| 005 |
20260331205252.0 |
| 008 |
151015e1976 xo a g can 000 slo |
| 035 |
|
|
|a TNKK068073
|
| 040 |
|
|
|a SNK
|b slo
|c SNK
|e AACR2
|
| 041 |
1 |
|
|a slo
|h cze
|b rus
|b eng
|b ger
|b fre
|
| 044 |
|
|
|a xo
|c SK
|
| 100 |
1 |
|
|a Vyskočil, Kamil,
|d 1925-2017
|4 pht
|9 38850
|
| 245 |
1 |
0 |
|a Arménsko
|b múzeum pod šírym nebom
|c fotografie Kamil Vyskočil ; text Ludmila Motalová, Milan Piovarči ; [z čes. orig. prel. Gabriel Rapoš]
|
| 250 |
|
|
|a 1. vyd.
|
| 260 |
|
|
|a Bratislava
|b Pallas
|c 1976
|
| 300 |
|
|
|a 137 s.
|b fareb. fot., obraz. katalóg
|c 30 cm
|e 1 príl. (resumé)
|
| 650 |
0 |
7 |
|a architektonické pamiatky
|2 SNKPH
|9 28990
|
| 650 |
0 |
7 |
|a historické pamiatky
|2 SNKPH
|9 75346
|
| 650 |
0 |
7 |
|a texty a fotografie
|2 SNKPH
|9 82166
|
| 651 |
|
7 |
|a Arménsko
|2 SNKPH
|9 83352
|
| 700 |
1 |
|
|a Piovarči, Milan,
|d 1929-
|4 aui
|9 155882
|
| 700 |
1 |
|
|a Motalová, Ludmila,
|d 1935-1975
|4 aui
|9 100071
|
| 700 |
1 |
|
|a Rapoš, Gabriel,
|d 1917-1994
|4 trl
|9 110728
|
| 958 |
|
|
|a OND
|
| 999 |
|
|
|c 830706
|d 832636
|
| 952 |
|
|
|a SNK
|b SNK
|y PREZ
|7 0
|p 17A0925025
|o snkSB 23233
|i snkKSP 1653/76
|0 0
|1 0
|4 0
|d 2013-06-20
|f 1
|l 0
|r 2025-03-26 00:00:00
|w 2026-02-24
|
| 952 |
|
|
|a SNK
|b SNK
|y PREZ
|7 0
|p 17A1022648
|o snkSB 23233/príl.
|i snkKSP 1653/76
|3 Príloha: cudzojaz. resumé
|z Príloha: cudzojaz. resumé
|0 0
|1 0
|4 0
|d 2013-06-20
|l 0
|r 2025-03-26 00:00:00
|w 2026-02-24
|